Project (Record no. 77721)
[ view plain ]
| 000 -LEADER | |
|---|---|
| fixed length control field | 00967cab a2200205 4500 |
| 001 - CONTROL NUMBER | |
| control field | ##L134941 |
| 008 - FIXED-LENGTH DATA ELEMENTS--GENERAL INFORMATION | |
| fixed length control field | 060912n2006 000 0 eng u |
| 035 ## - SYSTEM CONTROL NUMBER | |
| System control number | (Sirsi) u134941 |
| 041 0# - LANGUAGE CODE | |
| Language code of text/sound track or separate title | eng |
| 100 1# - MAIN ENTRY--PERSONAL NAME | |
| Personal name | Smith, Kristina |
| 245 00 - TITLE STATEMENT | |
| Title | Project |
| Remainder of title | Royal Observatory |
| -- | stars and strife |
| 260 ## - PUBLICATION, DISTRIBUTION, ETC. | |
| Date of publication, distribution, etc. | 2006 |
| 490 #0 - SERIES STATEMENT | |
| Series statement | Construction Manager |
| Volume/sequential designation | September 2006, 16-21(4) |
| 520 ## - SUMMARY, ETC. | |
| Summary, etc. | Examines the construction of a bronze cone for a new planetarium in Greenwich (part of the Greenwich Time and Space project at the Royal Observatory) and the successful use of Construction Management (CM). Expands on the construction manager's hands on style of CM and the challenges of constructing the bronze cone. Although CM worked for this project, the article outlines the potential pitfalls of CM. Includes key facts about the project. |
| 590 ## - LOCAL NOTE (RLIN) | |
| Local note | IKA190906 |
| 651 #4 - SUBJECT ADDED ENTRY--GEOGRAPHIC NAME | |
| Geographic name | GREENWICH |
| 651 #4 - SUBJECT ADDED ENTRY--GEOGRAPHIC NAME | |
| Geographic name | United Kingdom |
| Chronological subdivision | |
| 690 ## - LOCAL SUBJECT ADDED ENTRY--TOPICAL TERM (OCLC, RLIN) | |
| Topical term or geographic name as entry element | Construction management |
| 9 (RLIN) | 6230 |
| 942 ## - ADDED ENTRY ELEMENTS (KOHA) | |
| Suppress in OPAC | 0 |
| Withdrawn status | Lost status | Source of classification or shelving scheme | Damaged status | Not for loan | Home library | Current library | Shelving location | Date acquired | Total Checkouts | Full call number | Barcode | Date last seen | Copy number | Price effective from | Koha item type |
|---|---|---|---|---|---|---|---|---|---|---|---|---|---|---|---|
| Dewey Decimal Classification | London | London | Journal article | 12/09/2006 | L134941 | 134941-1001 | 06/08/2019 | 1 | 06/08/2019 | Journal article |